000
00264nam a2200109 4500
008
160625b xxu||||| |||| 00| 0 eng d
100
_9
1164
_a
Titus, E
245
_a
Anatole and the Cat
260
_a
Eng
_b
Eng
_c
1957
300
_a
Anatole and the Cat
942
_2
ddc
_c
BK
999
_c
945
_d
945